000 00658nam a22001697a 4500
020 _a978-1-4088-8670-0
082 _a823
_bMAA/E
100 _aMAAS, SARAH J
245 _aEMPIRE OF STORMS
246 _aEMPIRE OF STORMS
_bEMPIRE OF STORMS
260 _aLONDON
_bBLOOMSBURY
_c2016
300 _a693
490 _aA THRONE OF GLASS SERIES
520 _aMaas. “Empire of Storms,” the fifth installment in Sarah J. Maas's “Throne of Glass” series, continues the epic journey of Aelin Galathynius as she seeks to reclaim her throne, protect her people, and defeat the dark forces threatening her world.
650 _aENGLISH FANTACY NOVEL
942 _cBK
999 _c8615
_d8615